000 00295nam a22001337a 4500
008 170331b xxu||||| |||| 00| 0 eng d
020 _a9780073191829
041 _aeng
080 _210 ED
_a616-053.2
100 _a8
101 _aSHM
245 _aA CHILD WORLD
_cPAPALIA.D.E
942 _2udc
_cBK
999 _c9230
_d9230